[Event "Tournoi francophone 012 Groupe B"]
[Site "Skype"]
[Date "????.??.??"]
[Round "7.5"]
[White "Khabou, Taha"]
[Black "Thoune, Jim"]
[Result "1/2-1/2"]
[WhiteElo "1875"]
[BlackElo "1589"]
[PlyCount "65"]

1. d4 Nf6 2. Bf4 e6 3. e3 d6 4. Nf3 Be7 5. Nbd2 O-O 6. h3 Nbd7 7. a4 c5 8. c3
Nd5 9. Bh2 N7f6 10. Bd3 Bd7 11. e4 Nc7 12. O-O Rc8 13. Nc4 Be8 14. Re1 cxd4 15.
cxd4 h6 16. Qb3 b6 17. e5 dxe5 18. dxe5 Nd7 19. Rad1 Nd5 20. Be4 Nc5 21. Qc2
Bxa4 22. b3 Bxb3 23. Qe2 Bxd1 24. Rxd1 Nxe4 25. Qxe4 Qc7 26. Rc1 Bc5 27. Kf1 a5
28. Nd6 Rcd8 29. g4 Qe7 30. Kg2 Ra8 31. Qa4 Rfc8 32. Nxc8 Rxc8 33. Bg3 1/2-1/2

[Event "Tournoi francophone 012 Groupe B"]
[Site "Skype"]
[Date "????.??.??"]
[Round "8.1"]
[White "Marino, Giuseppe"]
[Black "Thoune, Jim"]
[Result "1/2-1/2"]
[WhiteElo "1465"]
[BlackElo "1589"]
[PlyCount "41"]

1. d4 d5 2. Nf3 Nf6 3. Bf4 e6 4. h3 c5 5. c3 Nbd7 6. e3 Be7 7. Bd3 O-O 8. O-O
Re8 9. Re1 Nf8 10. Nbd2 Bd7 11. e4 c4 12. Bc2 Ng6 13. Bg3 Nh5 14. Bh2 Ngf4 15.
e5 f5 16. exf6 Bxf6 17. Ne5 Bxe5 18. Rxe5 Qf6 19. Rxh5 Nxh5 20. Qxh5 g6 21. Qe5
1/2-1/2

[Event "Tournoi francophone 012 Groupe B"]
[Site "Skype"]
[Date "????.??.??"]
[Round "8.2"]
[White "Gerbaux, Regis"]
[Black "Khabou, Taha"]
[Result "1/2-1/2"]
[WhiteElo "1334"]
[BlackElo "1875"]
[PlyCount "66"]

1. d4 e6 2. Bf4 c5 3. c3 Nf6 4. e3 Qb6 5. Qb3 d5 6. Nd2 c4 7. Qc2 Nc6 8. b3
cxb3 9. axb3 Bd7 10. c4 Nb4 11. Qc3 Rc8 12. Bd3 Be7 13. Ngf3 dxc4 14. bxc4 Nfd5
15. Qb3 Nxf4 16. exf4 Qc7 17. g3 a6 18. O-O Nxd3 19. Qxd3 Bf6 20. Ne5 O-O 21.
Rac1 b5 22. Nxd7 Qxd7 23. cxb5 axb5 24. Nb3 Rfd8 25. Rxc8 Rxc8 26. Rd1 Rc4 27.
Qe4 b4 28. Kg2 Qc6 29. Qxc6 Rxc6 30. d5 exd5 31. Rxd5 Rc3 32. Rb5 h6 33. Rxb4
Kf8 1/2-1/2

[Event "Tournoi francophone 012 Groupe B"]
[Site "Skype"]
[Date "????.??.??"]
[Round "8.3"]
[White "L'Herbon De Lussats, Jean"]
[Black "Sauvaget, Joel"]
[Result "1-0"]
[WhiteElo "1413"]
[BlackElo "1467"]
[PlyCount "107"]

1. d4 d5 2. Nf3 Nf6 3. g3 c6 4. Bg2 e6 5. O-O Be7 6. c4 O-O 7. Qc2 Nbd7 8. Bf4
Nb6 9. Nbd2 Nbd7 10. a3 Re8 11. Rfe1 Nf8 12. Ne5 Nh5 13. Be3 Nf6 14. Bf4 dxc4
15. Qxc4 Nd5 16. Ne4 Nxf4 17. gxf4 Nd7 18. Rad1 Nb6 19. Qb3 Nd5 20. Qf3 Rf8 21.
Kh1 Qe8 22. Rg1 g6 23. Bh3 f5 24. Ng3 Rf7 25. Nh5 Rg7 26. Nxg7 Kxg7 27. e4 Nf6
28. Rde1 Nxe4 29. Qe3 Bh4 30. Nd3 Bd7 31. Bg2 Nf6 32. Qh3 g5 33. fxg5 Bxg5 34.
Bf3 Ng4 35. Bxg4 fxg4 36. Qxg4 h6 37. f4 e5 38. Qh4 Kh7 39. fxg5 Qf8 40. g6+
Kg7 41. Nxe5 Bf5 42. Ref1 Qc8 43. Qf4 Be6 44. Qf6+ Kg8 45. g7 Bd5+ 46. Nf3 Qh3
47. Rf2 Qd7 48. Qxh6 Kf7 49. Qg6+ Kg8 50. Qh6 Kf7 51. h3 Qe7 52. Kh2 Qc7+ 53.
Rg3 Qd6 54. Ne5+ 1-0

[Event "Tournoi francophone 012 Groupe B"]
[Site "Skype"]
[Date "????.??.??"]
[Round "8.4"]
[White "Harmelle, Dominique"]
[Black "Duthoit, Bernard"]
[Result "1-0"]
[WhiteElo "1507"]
[BlackElo "1334"]
[PlyCount "57"]

1. Nf3 Nf6 2. d4 e6 3. Bf4 d5 4. e3 c5 5. c3 Nc6 6. Nbd2 a6 7. a4 Be7 8. Bd3
cxd4 9. exd4 Qb6 10. b4 O-O 11. a5 Qd8 12. Qe2 Bd7 13. Ne5 Nxe5 14. dxe5 Ne8
15. Qh5 g6 16. Qh3 Bg5 17. Bxg5 Qxg5 18. Nf3 Qh5 19. Qxh5 gxh5 20. Ng5 Ng7 21.
Nxh7 Rfd8 22. Nf6+ Kh8 23. O-O h4 24. Rfe1 Ne8 25. Ng4 Ng7 26. Re3 Nf5 27. Rh3
Rg8 28. Nf6 Rg7 29. Bxf5 1-0

[Event "Tournoi francophone 012 Groupe B"]
[Site "Skype"]
[Date "????.??.??"]
[Round "9.1"]
[White "Trivedi, Viral"]
[Black "Marino, Giuseppe"]
[Result "1-0"]
[WhiteElo "1535"]
[BlackElo "1465"]
[PlyCount "39"]

1. d4 d5 2. Bf4 Nf6 3. e3 c6 4. c3 e6 5. Nd2 Nbd7 6. Bd3 Be7 7. Ngf3 O-O 8. Ne5
a5 9. h4 g6 10. g4 Ne4 11. Bh6 Re8 12. Qf3 Nxe5 13. dxe5 Nxd2 14. Kxd2 Bxh4 15.
g5 Bxg5 16. Bxg5 Qxg5 17. Rag1 Qxe5 18. Rh6 Kg7 19. Rxh7+ Kxh7 20. Qxf7+ 1-0